Diatomées et silicoflagellés récoltés en Terre Adélie, 1950-1952.

Saved in:
Bibliographic Details
Main Author: Frenguelli, Joaquín, 1883-
Format: Book
Language:Spanish
Published: Paris [1962?]
Series:Expéditions polaires françaises, missions Paul-Émile Victor. [Publication] no. 200
Subjects:
Tags: Add Tag
No Tags, Be the first to tag this record!
LEADER 00897nam a2200289I 4500
001 005083237-9
005 20020606095253.2
008 861021s1962 fr f 000 0 spa
010 |a  63054269  
035 0 |a ocm14450487 
040 |a DLC  |c WVU  |d WVU  |d HMZ 
043 |a t-ay--- 
050 0 0 |a QK569.D54  |b F69 
100 1 |a Frenguelli, Joaquín,  |d 1883- 
245 1 0 |a Diatomées et silicoflagellés récoltés en Terre Adélie, 1950-1952. 
260 |a Paris  |c [1962?] 
300 |a 48 p.  |b 5 plates.  |c 24 cm. 
490 0 |a Expéditions polaires françaises, missions Paul-Émile Victor. [Publication]  |v no. 200 
500 |a Cover title. 
500 |a "Extrait de: Revue Algologique 1, 1960, p. 3-47." 
500 |a In Spanish. 
504 |a Bibliography: p. 44-47. 
650 0 |a Diatoms. 
650 0 |a Flagellata. 
650 0 |a Algae  |z Antarctica  |z Adélie Coast. 
988 |a 20020608 
906 |0 DLC